000 00213 a2200097 4500
001 20500
100 _aVinogradov N
245 _aElectrical Machine Winder
260 _a
_bMir Publisher
_c
090 _c14897
_d14897
942 _aNUST-CAE
_cM
_c5443
999 _c255573
_d255573